The CHAINSAW - use and maintenance
| Format: | Book |
|---|---|
| Published: |
Sweden :
The National Board of Forestry ,
1982
|
| Edition: | 3rd ed. |
| Subjects: |
MARC
| LEADER | 00000cam a2200000 7i4500 | ||
|---|---|---|---|
| 001 | 0000002596 | ||
| 005 | 20030826.0 | ||
| 020 | 0 | 0 | |a 9185748005 |
| 090 | 0 | 0 | |a 634.982 |b CHA 1982 |
| 245 | 0 | 4 | |a The CHAINSAW - use and maintenance |
| 250 | 0 | 0 | |a 3rd ed. |
| 260 | 0 | 0 | |a Sweden : |b The National Board of Forestry , |c 1982 |
| 300 | |a 67 p. : |b ill. ; |c 24 cm. | ||
| 650 | 0 | 0 | |a Chain saws |
| 650 | 0 | 0 | |a Tree felling |x Equipment and supplies |
| 998 | |a JPSM | ||
| 999 | |a 0000004812 |b Monograph |c Open Shelf |e Default branch | ||